000 00838nam a22002657i 4500
999 _c27056
_d27028
003 OSt
005 20190130150442.0
008 190130t1992 nyua fr 000 0 eng d
020 _a9780471553915
020 _a0471553913
040 _aEG-ScBUE
_beng
_cEG-ScBUE
082 0 4 _222
_a629.892
_bASF
100 1 _aAsfahl, C. Ray.
245 1 0 _aRobots and manufacturing automation /
_cC. Ray Asfahl.
250 _a2nd edition.
264 1 _aNew York :
_bJohn Wiley & Sons,
_cc1992.
300 _axx, 487 pages :
_billustartion ;
_c25 cm.
336 _2rdacontent
_atext
337 _2rdamedia
_aunmediated
338 _2rdacarrier
_avolume
650 7 _2BUEsh
_aManufacturing processes
_xAutomation.
650 7 _2BUEsh
_aProduction management
_xAutomation.
650 7 _2BUEsh
_aComputer integrated manufacturing systems
942 _2ddc
_cBB